000 00673nam a22002057a 4500
999 _c16598
_d16598
003 AR-CdUCM
008 190503b ||||| |||| 00| 0 spa d
040 _aMUNICIPALIDAD PROVINCIAL DEL CUSCO
_cBIBLIOTECA MUNICIPAL DEL CUSCO
082 _a940.3 /
_bI53
100 _aIngenieros, José
_9579
245 _aLos tiempos nuevos /
260 _aBuenos Aires :
_bLosada,
_c1941.
300 _a172 páginas ;
_c17 cm.
505 _aContenido: Ideales viejos e ideales nuevos -- Significación histórica del movimiento maximalista...
650 _aRusia
_9499
650 _aHistoria
_9136
650 _aRevolución
_9844
942 _2ddc
_cLIBROS
945 _adavv
_d03/05/2019